Statistics for Camila Cabello Filmography

Click here to take the quiz!

General Stats

  • This quiz has been taken 5 times
  • The average score is 3 of 14

Answer Stats

Type Year Name % Correct
Film2021Cinderella
100%
TV Show2012-2013The X Factor
50%
Concert Film2018Taylor Swift: Reputation Stadium Tour
25%
TV Show2019Saturday Night Live
25%
TV Show2020Ant & Dec's Saturday Night Takeaway
25%
TV Special2020One World: Together at Home
25%
TV Show2014Faking It
0%
Concert Film2015Taylor Swift: The 1989 World Tour Live
0%
TV Show2015Barbie: Life in the Dreamhouse
0%
TV Show2016The Ride
0%
TV Special2017One Love Manchester
0%
TV Show2018Dancing on Ice
0%
Web Series2018King of the Golden Sun
0%
TV Special2020iHeart Living Room Concert for America
0%

Score Distribution

Percentile by Number Answered

Percent of People with Each Score

Your Score History

You have not taken this quiz